[Event "Kiel op 31st"]
[Site "Kiel"]
[Date "2018.08.02"]
[Round "8"]
[White "Wenske, Hardy"]
[Black "Easwaralingam, Janith"]
[Result "0-1"]
[WhiteElo "1725"]
[BlackElo "1792"]
[PlyCount "118"]
[EventDate "2018.07.28"]
[EventType "swiss"]
[EventRounds "9"]
[EventCountry "GER"]
[SourceTitle "CBM 185 Extra"]
[Source "ChessBase"]
[SourceDate "2018.07.29"]
[SourceVersion "1"]
[SourceVersionDate "2018.07.29"]
[SourceQuality "1"]

1. Nf3 Nf6 2. d4 g6 3. Nbd2 Bg7 4. e3 d6 5. Bd3 0-0 6. 0-0 Nc6 7. c3 e5 8. d5 Ne7 9. e4 Nh5 10. Nb3 Bg4 11. Nbd2 Nf4 12. Nc4 Nxd3 13. Qxd3 f5 14. Ng5 fxe4 15. Qxe4 Bf5 16. Qe2 Nxd5 17. Ne4 Nf4 18. Bxf4 exf4 19. Ned2 d5 20. Na5 c5 21. Nab3 Qd6 22. Qd1 b6 23. Re1 a5 24. Nf3 Bg4 25. h3 Bh5 26. Nbd2 Rfe8 27. Qb3 Rad8 28. Rxe8+ Rxe8 29. Re1 Rxe1+ 30. Nxe1 Be2 31. Ndf3 h6 32. Qc2 Qe6 33. Nh4 g5 34. Qf5 Qxf5 35. Nxf5 d4 36. f3 d3 37. Kf2 Bf8 38. h4 Bd1 39. Nxd3 Bc2 40. Ke2 c4 41. Ne5 Bxf5 42. Nxc4 Bc5 43. b4 axb4 44. cxb4 Bxb4 45. Nxb6 gxh4 46. Nd5 Bd6 47. a4 Bc2 48. a5 Bb3 49. Nf6+ Kf7 50. Nd7 Ke7 51. Nb6 Bc7 52. Kd3 Ke6 53. Kc3 Bxb6 54. axb6 Bd5 55. Kb4 Bb7 56. Kc5 Ke5 57. Kc4 Kd6 58. Kd4 h5 59. Kc4 Bxf3 0-1

[Event "Kiel op 31st"]
[Site "Kiel"]
[Date "2018.07.30"]
[Round "5"]
[White "Easwaralingam, Janith"]
[Black "Tang, Zijie"]
[Result "0-1"]
[WhiteElo "1792"]
[BlackElo "1519"]
[PlyCount "58"]
[EventDate "2018.07.28"]
[EventType "swiss"]
[EventRounds "9"]
[EventCountry "GER"]
[SourceTitle "CBM 185 Extra"]
[Source "ChessBase"]
[SourceDate "2018.07.29"]
[SourceVersion "1"]
[SourceVersionDate "2018.07.29"]
[SourceQuality "1"]

1. e4 c6 2. d4 d5 3. Nc3 dxe4 4. Nxe4 Bf5 5. Ng3 Bg6 6. h4 h6 7. Nf3 e6 8. h5 Bh7 9. Bd3 Bxd3 10. Qxd3 Nf6 11. Bd2 Be7 12. 0-0-0 0-0 13. Kb1 c5 14. Ne4 Nc6 15. Be3 Nb4 16. Nxf6+ Bxf6 17. Qb3 Qe7 18. g4 Rac8 19. Bd2 Na6 20. Bf4 c4 21. Qe3 Nb4 22. g5 hxg5 23. Bxg5 Nd5 24. Bxf6 Qxf6 25. Qe4 Qf4 26. Qe2 c3 27. b3 Qd6 28. Ne5 Qa3 29. Nd3 Nf4 0-1

[Event "Kiel op 31st"]
[Site "Kiel"]
[Date "2018.07.29"]
[Round "3"]
[White "Easwaralingam, Janith"]
[Black "Kunkel, Wolfgang"]
[Result "1-0"]
[WhiteElo "1792"]
[BlackElo "1681"]
[PlyCount "55"]
[EventDate "2018.07.28"]
[EventType "swiss"]
[EventRounds "9"]
[EventCountry "GER"]
[SourceTitle "CBM 185 Extra"]
[Source "ChessBase"]
[SourceDate "2018.07.29"]
[SourceVersion "1"]
[SourceVersionDate "2018.07.29"]
[SourceQuality "1"]

1. e4 e5 2. Nc3 g6 3. Bc4 Bg7 4. d3 Ne7 5. f4 Nbc6 6. Nf3 d6 7. 0-0 Na5 8. Bb3 Nxb3 9. axb3 Bg4 10. Qe1 Bxf3 11. Rxf3 a6 12. Qf2 c5 13. Be3 0-0 14. fxe5 Bxe5 15. Rf1 Qe8 16. Rh3 f5 17. Qh4 Rf7 18. Bg5 Bd4+ 19. Kh1 h5 20. Bxe7 Qxe7 21. Qxe7 Rxe7 22. exf5 Rf8 23. Rhf3 gxf5 24. Nd5 Re2 25. c3 Re5 26. Nf4 Bxc3 27. bxc3 Rfe8 28. h3 1-0

[Event "Kiel op 31st"]
[Site "Kiel"]
[Date "2018.07.28"]
[Round "1"]
[White "Easwaralingam, Janith"]
[Black "Beeck, Mats"]
[Result "0-1"]
[WhiteElo "1792"]
[BlackElo "2120"]
[PlyCount "62"]
[EventDate "2018.07.28"]
[EventType "swiss"]
[EventRounds "9"]
[EventCountry "GER"]
[SourceTitle "CBM 185 Extra"]
[Source "ChessBase"]
[SourceDate "2018.07.29"]
[SourceVersion "1"]
[SourceVersionDate "2018.07.29"]
[SourceQuality "1"]

1. e4 e5 2. Nc3 Nf6 3. Bc4 Nc6 4. d3 Bc5 5. Bg5 h6 6. Be3 Bxe3 7. fxe3 Na5 8. Bb3 Nxb3 9. axb3 d5 10. exd5 Bg4 11. Nf3 Nxd5 12. Nxd5 Qxd5 13. 0-0 f5 14. Qd2 Bxf3 15. Rxf3 0-0 16. Qc3 e4 17. Rg3 Rf7 18. Ra5 Qd7 19. Re5 Rd8 20. d4 c6 21. Qc4 g5 22. c3 Kg7 23. Qe6 Qxe6 24. Rxe6 g4 25. h3 h5 26. hxg4 hxg4 27. c4 Rdd7 28. Kf2 Rfe7 29. Rxe7+ Rxe7 30. b4 Kf6 31. b3 Rh7 0-1

[Event "Varde Weekend Grp1"]
[Site "Varde"]
[Date "2017.05.06"]
[Round "2"]
[White "Easwaralingam, Janith"]
[Black "Schou Jorgensen, Jan"]
[Result "1/2-1/2"]
[WhiteElo "1588"]
[BlackElo "1739"]
[PlyCount "33"]
[EventDate "2017.05.05"]
[EventType "tourn"]
[EventRounds "5"]
[EventCountry "DEN"]
[SourceTitle "EXT 2023"]
[Source "ChessBase"]
[SourceDate "2022.10.05"]
[SourceVersion "1"]
[SourceVersionDate "2022.10.05"]
[SourceQuality "1"]

1. e4 e6 2. d4 d5 3. exd5 exd5 4. Bd3 Nf6 5. Bg5 Be7 6. Nf3 0-0 7. 0-0 Bg4 8. h3 Bh5 9. c3 c6 10. Nbd2 Nbd7 11. Qe2 Bg6 12. Rae1 Bxd3 13. Qxd3 Bd6 14. Ne5 Qc7 15. f4 Rfe8 16. Nxd7 Nxd7 17. f5 1/2-1/2